Países que se Escriben Casi Igual que en Inglés - Estadísticas

Estadísticas generales
  • Esta prueba ha sido intentada 25 veces
  • La puntuación promedio es 8 de 31
Estadísticas de respuestas
Inglés -> Español País % Correcto
Cambiar q por c Catar
78%
Cambiar a por o Japón
56%
Quitar s Rusia
50%
Cambiar z por s Brasil
44%
Cambiar q por k Irak
44%
Cambiar y por i Kenia
39%
Cambiar y por i Libia
39%
Quitar h Bangladés
33%
Cambiar w por u Malaui
33%
Cambiar y por i Siria
33%
Cambiar w por u Zimbabue
33%
Quitar h Afganistán
28%
Cambiar o por a Comoras
28%
Cambiar t por c Croacia
28%
Quitar h Etiopía
28%
Cambiar z por c Belice
22%
Cambiar w por u Botsuana
22%
Cambiar j por y Fiyi
22%
Quitar y Malasia
22%
Cambiar w por u Ruanda
22%
Cambiar j por y Azerbaiyán
17%
Quitar h Bután
17%
Cambiar o por u Rumanía
17%
Quitar e Surinam
17%
Quitar h Lesoto
11%
Quitar h Lituania
11%
Cambiar e por a Maldivas
11%
Cambiar e por a Sierra Leona
11%
Añadir e Eslovenia
6%
Cambiar e por a Granada
6%
Cambiar j por y Tayikistán
0%
No se encontraron pruebas coincidentes
Distribución de puntuación
Porcentaje de gente con cada puntuación
Porcentaje por número respondido
Historial de tus puntuaciones
No has intentado esta prueba.